Poems of Alfred Lord Tennyson / (Record no. 19085)
[ view plain ]
| 000 -LEADER | |
|---|---|
| fixed length control field | 00684nam a22002172 4500 |
| 001 - CONTROL NUMBER | |
| control field | 19085 |
| 003 - CONTROL NUMBER IDENTIFIER | |
| rucl marc code | BD-RJUL |
| 005 - DATE AND TIME OF LATEST TRANSACTION | |
| control field | 20211209000400.0 |
| 008 - FIXED-LENGTH DATA ELEMENTS--GENERAL INFORMATION | |
| fixed length control field | 140223s19671901xx 000 0 eng u |
| 035 ## - SYSTEM CONTROL NUMBER | |
| System control number | (BD-RJUL)19143 |
| 040 ## - CATALOGING SOURCE | |
| Transcribing agency | SAC |
| Modifying agency | UKM |
| -- | EQO |
| Original cataloging agency | BD-RjUL |
| Language of cataloging | eng |
| 041 ## - LANGUAGE CODE | |
| Language code of text/sound track or separate title | eng |
| 082 04 - DEWEY DECIMAL CLASSIFICATION NUMBER | |
| Classification number | 821.8 |
| Edition number | 18 |
| Author mark and year | TEP 1967 |
| 090 ## - LOCALLY ASSIGNED LC-TYPE CALL NUMBER (OCLC); LOCAL CALL NUMBER (OCLC) | |
| Classification number (OCLC) (R) ; Classification number, CALL (RLIN) (NR) | PR5550 |
| Local cutter number (OCLC) ; Book number/undivided call number, CALL (RLIN) | .G9 |
| 100 1# - MAIN ENTRY--PERSONAL NAME | |
| Personal name | Tennyson, Alfred Tennyson, |
| Dates associated with a name | 1809-1892. |
| 9 (RLIN) | 58835 |
| 245 10 - TITLE STATEMENT | |
| Title | Poems of Alfred Lord Tennyson / |
| Statement of responsibility, etc. | selected with an introd. by Stephen Gwynn. |
| 260 ## - PUBLICATION, DISTRIBUTION, ETC. (IMPRINT) | |
| Place of publication, distribution, etc. | London : |
| Name of publisher, distributor, etc. | Oxford Univ. Pr., |
| Date of publication, distribution, etc. | c1901 (reprinting 1967) |
| 300 ## - PHYSICAL DESCRIPTION | |
| Pagination | xv, 478 p. ; |
| Size | 15 cm. |
| 700 1# - ADDED ENTRY--PERSONAL NAME | |
| Personal name | Gwynn, Stephen Lucius, |
| Dates associated with a name | 1864-1950. |
| 942 ## - ADDED ENTRY ELEMENTS (KOHA) | |
| Source of classification or shelving scheme | Dewey Decimal Classification |
| Koha item type | Books |
| Lost status | Source of classification or shelving scheme | Damaged status | Not for loan | Collection code | Permanent Location | Current Location | Shelving location | Date acquired | Source of acquisition | Cost, normal purchase price | Total Checkouts | Full call number | Date last seen | Copy number | Koha item type |
|---|---|---|---|---|---|---|---|---|---|---|---|---|---|---|---|
| Dewey Decimal Classification | Fiction | Central Library, University of Rajshahi | Central Library, University of Rajshahi | 12/09/1968 | Zeitlinger | 9.60 | 821.8 TEP 1967 | 23/02/2014 | C-6 | Books | |||||
| Dewey Decimal Classification | Not For Loan | Fiction | Central Library, University of Rajshahi | Central Library, University of Rajshahi | Reading Room | 12/09/1968 | Zeitlinger | 9.60 | 821.8 TEP 1967 | 26/08/2020 | C-1 | Books | |||
| Dewey Decimal Classification | Fiction | Central Library, University of Rajshahi | Central Library, University of Rajshahi | 12/09/1968 | Zeitlinger | 9.60 | 821.8 TEP 1967 | 26/08/2020 | C-2 | Books | |||||
| Dewey Decimal Classification | Fiction | Central Library, University of Rajshahi | Central Library, University of Rajshahi | 12/09/1968 | Zeitlinger | 9.60 | 821.8 TEP 1967 | 26/08/2020 | C-3 | Books | |||||
| Dewey Decimal Classification | Fiction | Central Library, University of Rajshahi | Central Library, University of Rajshahi | 12/09/1968 | Zeitlinger | 9.60 | 821.8 TEP 1967 | 26/08/2020 | C-4 | Books | |||||
| Dewey Decimal Classification | Fiction | Central Library, University of Rajshahi | Central Library, University of Rajshahi | 12/09/1968 | Zeitlinger | 9.60 | 821.8 TEP 1967 | 26/08/2020 | C-5 | Books |